<?xml version="1.0" encoding="UTF-8"?>
<collection xmlns="http://www.loc.gov/MARC21/slim">
 <record>
  <leader>00595pamaa2200193   4500</leader>
  <controlfield tag="001">0000036361</controlfield>
  <controlfield tag="005">20090130090000.0</controlfield>
  <datafield tag="020" ind1="0" ind2="0">
   <subfield code="a">0072538422 </subfield>
  </datafield>
  <datafield tag="082" ind1=" " ind2=" ">
   <subfield code="a">658.84 INT 2004</subfield>
  </datafield>
  <datafield tag="090" ind1="0" ind2="0">
   <subfield code="a">HF5415.1265 </subfield>
   <subfield code="b">INT 2004</subfield>
  </datafield>
  <datafield tag="245" ind1="1" ind2="0">
   <subfield code="a">INTERNET marketing : </subfield>
   <subfield code="b">building advantage in the networked economy  </subfield>
   <subfield code="c">Rafi Mohammed...[et al.].</subfield>
  </datafield>
  <datafield tag="250" ind1="0" ind2="0">
   <subfield code="a">2nd ed.</subfield>
  </datafield>
  <datafield tag="260" ind1="0" ind2="0">
   <subfield code="a">Boston: </subfield>
   <subfield code="b">McGraw-Hill/Irwin, </subfield>
   <subfield code="c">2004.</subfield>
  </datafield>
  <datafield tag="300" ind1=" " ind2=" ">
   <subfield code="a">xxxi, 743p.: </subfield>
   <subfield code="b">ill.; </subfield>
   <subfield code="c">26cm.</subfield>
  </datafield>
  <datafield tag="650" ind1="0" ind2="0">
   <subfield code="a">Internet marketing </subfield>
  </datafield>
  <datafield tag="700" ind1="1" ind2="1">
   <subfield code="a">Jaworski, </subfield>
   <subfield code="h">Bernard J. </subfield>
  </datafield>
  <datafield tag="700" ind1="1" ind2="1">
   <subfield code="a">Rafi, </subfield>
   <subfield code="h">Mohammed </subfield>
  </datafield>
  <datafield tag="700" ind1="1" ind2="1">
   <subfield code="a">FISHER, </subfield>
   <subfield code="h">Robert J </subfield>
  </datafield>
  <datafield tag="700" ind1="1" ind2="1">
   <subfield code="a">PADDISON, </subfield>
   <subfield code="h">Gordon J </subfield>
  </datafield>
 </record>
</collection>
